000 006390000a22001930004500
999 _c53911
_d53911
001 768714001
003 CO-MdFUSB
005 20170809153319.0
008 170809s1998 xxu||||| |||| 00| 0 eng d
022 _a0098-9444
040 _aCO-MdFUSB
_bspa
_cCO-MdFUSB
_dCO-MdFUSB
041 _aeng
100 1 _aShanks, Hershel
_eautor
245 1 0 _aSan Francisco tremors :
_bnot earthquakes, just Academic Rumbles
300 _aVolumen 24. Número 2 (1998), Páginas 54-61
_c28 cm.
546 _aTexto en inglés
773 0 _tBiblical Archaeology Review
_049395
_959485
_gVolumen 24. Número 2 (1998), Páginas 54-61
_qPágina 54
942 _cANA